[Event "2014 Australian Championships"]
[Site "Melbourne"]
[Date "2014.01.08"]
[Round "8.13"]
[White "Choong, Yita"]
[Black "Zulfic, Fedja"]
[Result "1-0"]
[WhiteElo "2203"]
[BlackElo "2152"]
[PlyCount "61"]
[EventDate "2014.01.??"]
[EventType "swiss"]
[EventRounds "11"]
[EventCountry "AUS"]
[SourceDate "2014.01.02"]

1. e4 e5 2. Nf3 Nf6 3. Nxe5 d6 4. Nf3 Nxe4 5. Nc3 Nxc3 6. dxc3 Be7 7. Be3 Be6
8. Qd2 Qd7 9. h4 Nc6 10. O-O-O a6 11. Kb1 O-O-O 12. Ng5 h6 13. Nxe6 fxe6 14. g3
Rhf8 15. Bh3 Rde8 16. Rhe1 Bf6 17. f4 Kb8 18. Bg1 Qf7 19. Bg2 Qd7 20. c4 e5 21.
fxe5 Bxe5 22. Re3 Bf6 23. Rb3 Re5 24. Qf2 Kc8 25. Qf1 g5 26. Bxc6 Qxc6 27. Rf3
d5 28. Bd4 Re6 29. cxd5 Qxd5 30. Bxf6 Qc6 31. hxg5 1-0

[Event "2014 Australian Championships"]
[Site "Melbourne"]
[Date "2014.01.08"]
[Round "8.14"]
[White "Hu, Jason"]
[Black "Wallis, Christopher"]
[Result "0-1"]
[WhiteElo "2118"]
[BlackElo "2346"]
[PlyCount "144"]
[EventDate "2014.01.??"]
[EventType "swiss"]
[EventRounds "11"]
[EventCountry "AUS"]
[SourceDate "2014.01.02"]

1. d4 Nf6 2. Nf3 e6 3. Bf4 d5 4. e3 c5 5. c3 Nc6 6. Bd3 Bd6 7. Bg5 O-O 8. O-O
e5 9. dxe5 Nxe5 10. Nxe5 Bxe5 11. f4 Bc7 12. Nd2 h6 13. Bh4 Qe8 14. Qf3 Bg4 15.
Qg3 g5 16. Bxg5 hxg5 17. h3 Nh5 18. Qxg4 Qxe3+ 19. Rf2 Qxd3 20. Qxh5 Bxf4 21.
Nf1 Rad8 22. Rd1 Qg6 23. Qg4 d4 24. cxd4 Rxd4 25. Qf3 Be5 26. Kh1 Rxd1 27. Qxd1
Bd4 28. Rf3 Re8 29. b3 Qe4 30. Qc1 Re5 31. Rg3 f6 32. Qc4+ Kg7 33. Rf3 a6 34.
Qa4 Qd5 35. Qa5 Qd7 36. Qd2 Qe7 37. Qd3 b5 38. Ng3 Re1+ 39. Rf1 Rxf1+ 40. Qxf1
Qe5 41. Nf5+ Kg6 42. g4 Qe4+ 43. Kh2 Qc2+ 44. Kg3 Be5+ 45. Kf3 Qc3+ 46. Ke4 c4
47. Qb1 Qxh3 48. Ne3 Bf4 49. Kd4+ Kf7 50. Nd5 Be5+ 51. Kc5 Qd3 52. Qh1 Ke6 53.
Kc6 cxb3 54. axb3 Qxb3 55. Nb6 Qd3 56. Kb7 b4 57. Qh8 Kf7 58. Qh5+ Kg7 59. Qe8
Qe4+ 60. Kxa6 Qxg4 61. Qe7+ Kg6 62. Qe8+ Kf5 63. Qd7+ Kf4 64. Qd2+ Kg3 65. Nd5
b3 66. Qe1+ Kh3 67. Ne3 Qf3 68. Nf1 b2 69. Nd2 Qd3+ 70. Kb7 Qxd2 71. Qxd2 b1=Q+
72. Ka6 Qa1+ 0-1

[Event "2014 Australian Championships"]
[Site "Melbourne"]
[Date "2014.01.08"]
[Round "8.15"]
[White "Brown, Andrew"]
[Black "Castor, David"]
[Result "1-0"]
[WhiteElo "2259"]
[BlackElo "2125"]
[PlyCount "128"]
[EventDate "2014.01.??"]
[EventType "swiss"]
[EventRounds "11"]
[EventCountry "AUS"]
[SourceDate "2014.01.02"]

1. d4 Nf6 2. c4 c5 3. d5 b5 4. cxb5 a6 5. bxa6 g6 6. Nc3 Bxa6 7. g3 d6 8. Bg2
Nbd7 9. Rb1 Bg7 10. Nf3 Nb6 11. b3 Bc8 12. Nh4 h6 13. Qc2 Qd7 14. Bb2 g5 15.
Nf3 Qf5 16. e4 Qg6 17. O-O O-O 18. Rfd1 Ng4 19. h3 Ne5 20. Nxe5 Bxe5 21. Na4
Nd7 22. Bxe5 Nxe5 23. Nb6 Rb8 24. Nxc8 Rfxc8 25. Qe2 Qg7 26. Kh2 Kh8 27. a4 Rb4
28. a5 Ra8 29. a6 Rb6 30. Ra1 Rxb3 31. Rdb1 c4 32. Rxb3 cxb3 33. Rb1 Nd7 34.
Rxb3 Nc5 35. Ra3 Ra7 36. Qb5 Qf8 37. Qb6 Qa8 38. Bf1 Nd7 39. Qd4+ f6 40. f4 Nc5
41. e5 Kg7 42. h4 Qe8 43. exf6+ exf6 44. Re3 Qf7 45. Bb5 Qg6 46. Bd3 Qf7 47.
Re6 gxf4 48. Rxd6 fxg3+ 49. Kg2 Nxd3 50. Qxd3 Qg6 51. Qxg3 Kf7 52. Qxg6+ Kxg6
53. Kf3 Kf5 54. Rb6 Ke5 55. Re6+ Kxd5 56. Rxf6 h5 57. Kf4 Rg7 58. Rf5+ Kc6 59.
Rxh5 Kb6 60. Rh6+ Ka7 61. Rf6 Rg1 62. h5 Rg2 63. h6 Rg1 64. Kf5 Rh1 1-0

[Event "2014 Australian Championships"]
[Site "Melbourne"]
[Date "2014.01.08"]
[Round "8.16"]
[White "Penrose, Justin"]
[Black "Puccini, Jack"]
[Result "0-1"]
[WhiteElo "1986"]
[BlackElo "2078"]
[PlyCount "110"]
[EventDate "2014.01.??"]
[EventType "swiss"]
[EventRounds "11"]
[EventCountry "AUS"]
[SourceDate "2014.01.02"]

1. Nf3 c5 2. e4 d6 3. c3 Nf6 4. Be2 Bd7 5. Qc2 g6 6. d4 Qc7 7. d5 Bg7 8. c4 e6
9. dxe6 fxe6 10. Nc3 a6 11. Bf4 Nh5 12. Be3 Nc6 13. Rd1 O-O-O 14. Qd2 Be8 15.
Ng5 Nd4 16. Bg4 Bd7 17. Nf7 Rhf8 18. Nxd8 Qxd8 19. Ne2 Nf6 20. Bxd4 cxd4 21.
Qxd4 Qa5+ 22. Nc3 Rf7 23. Bf3 Nd5 24. Qd2 Nxc3 25. Rc1 Qxa2 26. bxc3 Qxd2+ 27.
Kxd2 Bh6+ 28. Kc2 Bxc1 29. Rxc1 e5 30. Rb1 Kc7 31. Kb3 b6 32. Rb2 Bc6 33. Kc2
a5 34. Kd3 Rf4 35. Ke3 Bb7 36. g3 Rf8 37. Bg4 Re8 38. Be2 Bc6 39. Bd3 g5 40.
Kf3 Bd7 41. Ke3 Rf8 42. f3 Kc6 43. g4 Kc5 44. Bb1 Rh8 45. Ba2 h5 46. gxh5 Rxh5
47. Rg2 Bh3 48. Rb2 Bd7 49. Rd2 Be6 50. Rb2 Rh3 51. Rb5+ Kc6 52. Rb2 g4 53. Rf2
gxf3 54. Rb2 f2+ 55. Kxf2 Rxh2+ 0-1

[Event "2014 Australian Championships"]
[Site "Melbourne"]
[Date "2014.01.08"]
[Round "8.17"]
[White "Pyke, Malcolm"]
[Black "Jordan, Bill"]
[Result "0-1"]
[WhiteElo "2123"]
[BlackElo "2279"]
[PlyCount "72"]
[EventDate "2014.01.??"]
[EventType "swiss"]
[EventRounds "11"]
[EventCountry "AUS"]
[SourceDate "2014.01.02"]

1. d4 Nf6 2. c4 g6 3. g3 c6 4. Bg2 d5 5. cxd5 cxd5 6. Nf3 Bg7 7. Nc3 O-O 8. Ne5
Nbd7 9. O-O e6 10. f4 Ne8 11. Be3 Nd6 12. Bf2 Nf6 13. Rc1 Nfe4 14. e3 Bd7 15.
Nxd7 Qxd7 16. Qe2 Rac8 17. Nxe4 Nxe4 18. Rfd1 Rc6 19. Bf1 Rfc8 20. Qe1 Rc2 21.
Bd3 Rxb2 22. Bxe4 dxe4 23. Qa5 a6 24. Qa3 Rbc2 25. Rxc2 Rxc2 26. Qb3 Qc6 27. d5
exd5 28. Rxd5 Bf6 29. Rd1 Rb2 30. Qd5 Qxd5 31. Rxd5 Rxa2 32. Rd7 b5 33. Be1 a5
34. Ra7 b4 35. Ra8+ Kg7 36. Rb8 Bc3 0-1

[Event "2014 Australian Championships"]
[Site "Melbourne"]
[Date "2014.01.09"]
[Round "8.18"]
[White "Tang, Jason"]
[Black "Loh, Zachary"]
[Result "0-1"]
[WhiteElo "2067"]
[BlackElo "2032"]
[PlyCount "102"]
[EventDate "2014.01.??"]
[EventType "swiss"]
[EventRounds "11"]
[EventCountry "AUS"]
[SourceDate "2014.01.02"]

1. e4 c6 2. d4 d5 3. Nd2 dxe4 4. Nxe4 Bf5 5. Ng3 Bg6 6. h4 h6 7. Nf3 Nd7 8. h5
Bh7 9. Bd3 Bxd3 10. Qxd3 e6 11. Bf4 Qa5+ 12. Bd2 Qc7 13. O-O-O Ngf6 14. Ne4
O-O-O 15. g3 Nxe4 16. Qxe4 Nf6 17. Qe2 Bd6 18. c4 c5 19. Bc3 cxd4 20. Nxd4 a6
21. Kb1 Bc5 22. Nb3 Qc6 23. Nxc5 Qxc5 24. g4 Qg5 25. f3 Rhe8 26. Be5 Ng8 27. f4
Qe7 28. c5 Rd5 29. Rc1 f6 30. Bd6 Qd7 31. Rh3 Ne7 32. Rb3 Nc6 33. Rb6 e5 34. f5
e4 35. b4 e3 36. b5 axb5 37. Rxb5 Rd2 38. Qc4 e2 39. Qa4 Kd8 40. Ra5 Na7 41.
Qxd7+ Kxd7 42. Bg3 Nc6 43. Rb5 Nd4 44. Rxb7+ Kc6 45. Rb6+ Kd5 46. Rd6+ Ke4 47.
Bf2 Rb8+ 48. Rb6 Ra8 49. c6 Rd1 50. c7 Rc8 51. Bxd4 Rxc1+ 0-1

[Event "2014 Australian Championships"]
[Site "Melbourne"]
[Date "2014.01.08"]
[Round "8.19"]
[White "Stojic, Svetozar"]
[Black "Nemeth, John"]
[Result "1/2-1/2"]
[WhiteElo "2029"]
[BlackElo "2115"]
[PlyCount "29"]
[EventDate "2014.01.??"]
[EventType "swiss"]
[EventRounds "11"]
[EventCountry "AUS"]
[SourceDate "2014.01.02"]

1. d4 d5 2. c4 e6 3. Nc3 Nf6 4. Nf3 Be7 5. e3 O-O 6. Bd3 Nbd7 7. O-O c5 8. cxd5
exd5 9. dxc5 Nxc5 10. Bc2 Bg4 11. h3 Bh5 12. Nb5 Qb6 13. Nbd4 Rfd8 14. Nf5 Bf8
15. b3 1/2-1/2

[Event "2014 Australian Championships"]
[Site "Melbourne"]
[Date "2014.01.08"]
[Round "8.20"]
[White "Louie, Ryan"]
[Black "Vlietstra, Marc"]
[Result "1-0"]
[WhiteElo "1909"]
[BlackElo "2035"]
[PlyCount "59"]
[EventDate "2014.01.??"]
[EventType "swiss"]
[EventRounds "11"]
[EventCountry "AUS"]
[SourceDate "2014.01.02"]

1. d4 f5 2. g3 Nf6 3. Bg2 g6 4. c4 Bg7 5. Nc3 O-O 6. Nh3 d6 7. Bg5 h6 8. Bxf6
Bxf6 9. Qd2 Kh7 10. O-O c6 11. e4 e5 12. d5 f4 13. f3 c5 14. Nf2 h5 15. Bh3 Bg5
16. Qd3 fxg3 17. hxg3 h4 18. Bxc8 Qxc8 19. gxh4 Bxh4 20. Kg2 Kg7 21. Rh1 Bg5
22. Rag1 Nd7 23. Nb5 a6 24. Nxd6 Qc7 25. Kf1 Kf6 26. Rxg5 Kxg5 27. Qe3+ Kf6 28.
Rh7 g5 29. Ng4+ Kg6 30. Rh6+ 1-0

[Event "2014 Australian Championships"]
[Site "Melbourne"]
[Date "2014.01.08"]
[Round "8.21"]
[White "Michaille, Laurent"]
[Black "Stojic, Dusan"]
[Result "1/2-1/2"]
[WhiteElo "2115"]
[BlackElo "2233"]
[PlyCount "150"]
[EventDate "2014.01.??"]
[EventType "swiss"]
[EventRounds "11"]
[EventCountry "AUS"]
[SourceDate "2014.01.02"]

1. e4 c5 2. Nf3 Nf6 3. e5 Nd5 4. Nc3 e6 5. Nxd5 exd5 6. d4 Nc6 7. c3 d6 8. Bb5
Be7 9. exd6 Qxd6 10. O-O O-O 11. dxc5 Qxc5 12. Be2 Bf5 13. Be3 Qd6 14. Nd4 Bg6
15. Qd2 Rad8 16. Rad1 Qd7 17. Nxc6 bxc6 18. c4 Qe6 19. cxd5 cxd5 20. Bd4 Rc8
21. Rc1 Bf6 22. Bb5 Bxd4 23. Qxd4 Rfd8 24. Ba4 Qe4 25. Rxc8 Rxc8 26. Qxa7 d4
27. Rd1 d3 28. Bb3 d2 29. Qe3 Qxe3 30. fxe3 Rd8 31. g4 h5 32. h3 Kf8 33. Kf2 f5
34. Bc2 Bf7 35. gxf5 h4 36. a4 Bh5 37. a5 Bxd1 38. Bxd1 Rb8 39. b3 Rb5 40. Ke2
Rxa5 41. Kxd2 Rd5+ 42. Ke2 Rxf5 43. Bc2 Rg5 44. Kf2 Ke7 45. Bd3 Kd6 46. Ba6
Rf5+ 47. Ke2 Ra5 48. Bc8 Rb5 49. Kf3 Rxb3 50. Kf4 Ke7 51. Bf5 Kf6 52. Bd7 Rb4+
53. Kf3 Ke5 54. Bc8 Rc4 55. Bd7 Rc1 56. Kf2 Kf6 57. Bg4 Ke5 58. Bh5 Kd5 59.
Bf7+ Kc5 60. Be6 Ra1 61. Bg4 Kc4 62. Kf3 Kd3 63. Bf5+ Kd2 64. e4 Rg1 65. e5 g6
66. Bg4 Kd3 67. Kf4 Kd4 68. e6 Kd5 69. Kg5 Kd6 70. Kxh4 Ke7 71. Kg5 Rf1 72.
Kxg6 Rf6+ 73. Kg5 Rf8 74. Kg6 Rg8+ 75. Kf5 Rh8 1/2-1/2

[Event "2014 Australian Championships"]
[Site "Melbourne"]
[Date "2014.01.09"]
[Round "9.1"]
[White "Papin, Vasily"]
[Black "Illingworth, Max"]
[Result "0-1"]
[WhiteElo "2510"]
[BlackElo "2434"]
[PlyCount "152"]
[EventDate "2014.01.??"]
[EventType "swiss"]
[EventRounds "11"]
[EventCountry "AUS"]
[SourceDate "2014.01.02"]

1. Nf3 d5 2. c4 d4 3. b4 f6 4. e3 e5 5. c5 a5 6. Bb5+ c6 7. Bc4 axb4 8. Qb3 Nh6
9. exd4 e4 10. O-O exf3 11. Re1+ Be7 12. Bb2 fxg2 13. d5 cxd5 14. Bxd5 Nc6 15.
d4 Na5 16. Qe3 Nf5 17. Qe4 g5 18. Nd2 Nh4 19. Nc4 g4 20. Nd6+ Kf8 21. Nf7 Qc7
22. Qe3 Nf5 23. Qd3 Rg8 24. Nd6 Rg5 25. Nb5 Qd8 26. Be6 Nh4 27. Re4 Bxe6 28.
Rxe6 Qd5 29. Qe4 Qxe4 30. Rxe4 Nc4 31. Bc1 b3 32. Bxg5 fxg5 33. Re2 b2 34. Rb1
Rxa2 35. Nc3 Ra3 36. Nd1 Rh3 37. Nxb2 Nf3+ 38. Kxg2 Nh4+ 39. Kg1 Rb3 40. Kh1
Bf6 41. d5 Nxb2 42. c6 bxc6 43. dxc6 Rb8 44. Rbe1 Kf7 45. Rc2 Rc8 46. c7 Nd3
47. Rb1 Be5 48. Rd1 Nf4 49. Rd8 Rxc7 50. Rxc7+ Bxc7 51. Rd7+ Kg6 52. Rxc7 Nf3
53. Rc6+ Kh5 54. Rc7 h6 55. Rc6 Ne5 56. Rc1 Kh4 57. Re1 Ned3 58. Re3 Nxf2+ 59.
Kg1 N2d3 60. Kh1 Nc1 61. Kg1 Nce2+ 62. Kf2 Nd4 63. Kg1 Kh5 64. Kh1 Nde2 65. Ra3
Kh4 66. Ra6 h5 67. Ra4 g3 68. hxg3+ Nxg3+ 69. Kh2 Nf5 70. Rb4 Kg4 71. Rb3 h4
72. Rb1 Ne3 73. Rg1+ Kf5 74. Kh1 g4 75. Kh2 g3+ 76. Kh1 g2+ 0-1

[Event "2014 Australian Championships"]
[Site "Melbourne"]
[Date "2014.01.09"]
[Round "9.2"]
[White "Johansen, Darryl"]
[Black "Ly, Moulthun"]
[Result "1-0"]
[WhiteElo "2406"]
[BlackElo "2416"]
[PlyCount "141"]
[EventDate "2014.01.??"]
[EventType "swiss"]
[EventRounds "11"]
[EventCountry "AUS"]
[SourceDate "2014.01.02"]
[WhiteClock "0:06:14"]
[BlackClock "0:04:32"]

1. d4 Nf6 2. c4 g6 3. Nc3 Bg7 4. e4 d6 5. Be2 O-O 6. Bg5 Na6 7. Qd2 c6 8. Nf3
e5 9. O-O exd4 10. Nxd4 Nc5 11. Bf3 Re8 12. Rfe1 Qb6 13. Rad1 Be6 14. b3 a5 15.
h3 Nfd7 16. Nc2 Ne5 17. Be2 f5 18. Be3 Qc7 19. f4 Nf7 20. exf5 Bxf5 21. Nd4 Nh6
22. Nf3 Bc2 23. Rc1 Bf5 24. Bd4 Bxd4+ 25. Qxd4 Be4 26. Ng5 Nf5 27. Qd2 Rad8 28.
Bf1 Ng3 29. Qf2 h6 30. Qxg3 hxg5 31. Qxg5 Bf5 32. Qg3 Qg7 33. Kh2 Ne6 34. Qf2
Qh6 35. Ne2 Rf8 36. Rc3 Bg4 37. Re3 d5 38. cxd5 cxd5 39. Qg3 Bf5 40. Re5 d4 41.
Nc1 Nxf4 42. Bc4+ Kh8 43. Nd3 Nh5 44. Qh4 g5 45. Re6 Bxe6 46. Rxe6 Rf6 47. Rxf6
Qxf6 48. Qxh5+ Kg7 49. a4 Rd7 50. Qg4 Re7 51. Qg3 b6 52. Qb8 Re3 53. Kg1 Re2
54. Qg3 Qe7 55. Qg4 Re4 56. Qf5 Re3 57. h4 gxh4 58. Qg4+ Kh6 59. Qxd4 Rg3 60.
Qh8+ Kg5 61. Kh2 Rxd3 62. Qg8+ Kh6 63. Bxd3 Qd6+ 64. Kh3 Qxd3+ 65. Kxh4 Qd4+
66. Kh3 Qg1 67. Qd5 Kg6 68. Kg4 Kf6 69. Kf3 Qa1 70. Ke2 Qc3 71. Qf3+ 1-0

[Event "2014 Australian Championships"]
[Site "Melbourne"]
[Date "2014.01.09"]
[Round "9.3"]
[White "Cheng, Bobby"]
[Black "Bjebork, Igor"]
[Result "0-1"]
[WhiteElo "2433"]
[BlackElo "2339"]
[PlyCount "134"]
[EventDate "2014.01.??"]
[EventType "swiss"]
[EventRounds "11"]
[EventCountry "AUS"]
[SourceDate "2014.01.02"]
[WhiteClock "0:08:03"]
[BlackClock "0:27:30"]

1. d4 d5 2. c4 c6 3. Nf3 Nf6 4. Nc3 dxc4 5. a4 Bf5 6. Ne5 Na6 7. e3 Nb4 8. Bxc4
e6 9. O-O Be7 10. Qe2 Bc2 11. Na2 Nxa2 12. Qxc2 Nxc1 13. Rfxc1 O-O 14. a5 a6
15. Qb3 Qc7 16. f4 Bd6 17. Be2 Rab8 18. Bf3 Qe7 19. Nc4 Bc7 20. g3 Rfd8 21. Kh1
Rdc8 22. e4 Rd8 23. Rd1 h6 24. Rd3 Qf8 25. Rf1 Qe7 26. Bg2 g6 27. Qc3 Rd7 28.
Re1 Rbd8 29. b4 Ng4 30. Kg1 e5 31. fxe5 Nxe5 32. Rdd1 Nxc4 33. Qxc4 Be5 34. d5
Rc7 35. dxc6 Rxd1 36. Rxd1 Rxc6 37. Qb3 Rc3 38. Qd5 Kg7 39. Bf1 h5 40. Bc4 Qc7
41. Ba2 Bxg3 42. Qxf7+ Qxf7 43. Bxf7 Kxf7 44. hxg3 Rxg3+ 45. Kf2 Rg4 46. Rd7+
Ke6 47. Rxb7 Rxe4 48. Kf3 Rc4 49. Rb6+ Kf5 50. b5 Rc3+ 51. Kf2 axb5 52. Rxb5+
Kf6 53. Rb6+ Kg5 54. Rb5+ Kh6 55. Rb8 Ra3 56. Ra8 Kg5 57. a6 Kg4 58. a7 Ra2+
59. Ke3 g5 60. Kd4 h4 61. Kc5 h3 62. Kb6 h2 63. Rh8 Kg3 64. Rh5 g4 65. Kb7
Rxa7+ 66. Kxa7 Kg2 67. Rh4 g3 0-1

[Event "2014 Australian Championships"]
[Site "Melbourne"]
[Date "2014.01.09"]
[Round "9.4"]
[White "Tu, Hoang Thong"]
[Black "Lane, Gary"]
[Result "1/2-1/2"]
[WhiteElo "2428"]
[BlackElo "2375"]
[PlyCount "59"]
[EventDate "2014.01.??"]
[EventType "swiss"]
[EventRounds "11"]
[EventCountry "AUS"]
[SourceDate "2014.01.02"]

1. d4 d5 2. Nf3 Nf6 3. Bf4 c5 4. e3 Qb6 5. Nc3 Bg4 6. Nb5 Na6 7. dxc5 Qxc5 8.
Qd4 Qxd4 9. Nfxd4 Nd7 10. h3 Bh5 11. g4 Bg6 12. Bg3 e6 13. a3 h5 14. Bg2 hxg4
15. hxg4 Rxh1+ 16. Bxh1 Ndc5 17. f3 Kd7 18. Rd1 f6 19. e4 e5 20. Ne2 d4 21. c3
Kc6 22. Nbxd4+ exd4 23. Nxd4+ Kb6 24. Bf2 Bf7 25. b4 Na4 26. f4 Bc4 27. Ne6+
Kb5 28. Nd4+ Kb6 29. Ne6+ Kb5 30. Nd4+ 1/2-1/2

[Event "2014 Australian Championships"]
[Site "Melbourne"]
[Date "2014.01.09"]
[Round "9.5"]
[White "Goldenberg, Igor"]
[Black "Wohl, Aleksandar"]
[Result "1-0"]
[WhiteElo "2373"]
[BlackElo "2371"]
[PlyCount "89"]
[EventDate "2014.01.??"]
[EventType "swiss"]
[EventRounds "11"]
[EventCountry "AUS"]
[SourceDate "2014.01.02"]
[WhiteClock "0:39:28"]
[BlackClock "0:31:29"]

1. Nf3 g6 2. c4 Bg7 3. Nc3 d6 4. d4 Nd7 5. e4 e5 6. Be2 Ngf6 7. O-O O-O 8. Re1
h6 9. Bf1 c6 10. Rb1 a6 11. d5 c5 12. b4 Qc7 13. Na4 b6 14. bxc5 Nxc5 15. Nxc5
bxc5 16. Bd2 Bd7 17. Qc1 Kh7 18. Qa3 a5 19. Bd3 a4 20. Rb2 Rfb8 21. Reb1 Ne8
22. Qc3 f5 23. Qc2 Rxb2 24. Rxb2 Nf6 25. exf5 e4 26. fxg6+ Kg8 27. Bxe4 Nxe4
28. Qxe4 Re8 29. Qf4 Bf5 30. Qxf5 Bxb2 31. Bxh6 Qe7 32. h4 Qf6 33. Qg4 Qe7 34.
Bg5 Bf6 35. Bf4 Qe4 36. h5 Bg7 37. Qg3 Rf8 38. Bg5 Bd4 39. g7 Re8 40. Qxd6 Qb1+
41. Kh2 Bxf2 42. Qh6 Qh7 43. Qxh7+ Kxh7 44. d6 Kg8 45. Bh6 1-0

[Event "2014 Australian Championships"]
[Site "Melbourne"]
[Date "2014.01.09"]
[Round "9.6"]
[White "Li, Luke"]
[Black "Solomon, Stephen"]
[Result "0-1"]
[WhiteElo "2336"]
[BlackElo "2371"]
[PlyCount "100"]
[EventDate "2014.01.??"]
[EventType "swiss"]
[EventRounds "11"]
[EventCountry "AUS"]
[SourceDate "2014.01.02"]
[WhiteClock "0:11:19"]
[BlackClock "0:21:43"]

1. d4 d5 2. c4 e6 3. Nc3 Be7 4. cxd5 exd5 5. Bf4 c6 6. Qc2 g6 7. e3 Bf5 8. Qd2
Nf6 9. Nge2 Nbd7 10. Ng3 Be6 11. Bd3 h5 12. h3 h4 13. Nge2 Nh5 14. O-O-O a5 15.
Kb1 a4 16. Rc1 Nb6 17. Be5 Rg8 18. Rhe1 f6 19. Bh2 Kf7 20. e4 dxe4 21. Nxe4 Nd5
22. Nc5 Bc8 23. Nc3 a3 24. Nxd5 cxd5 25. b3 Bd6 26. Bxd6 Qxd6 27. Qc3 Rg7 28.
Bb5 Nf4 29. Ka1 g5 30. Re8 b6 31. Na4 Bd7 32. Bxd7 Rxe8 33. Bxe8+ Kxe8 34. Qc8+
Kf7 35. Rc7+ Kg6 36. Qe8+ Kh7 37. Rxg7+ Kxg7 38. Nc3 Nxg2 39. Nb5 Qf4 40. Qe7+
Kg6 41. Qe8+ Kf5 42. Qc8+ Ke4 43. Nxa3 Kf3 44. Nb5 Kxf2 45. a4 g4 46. hxg4 h3
47. Qc2+ Kg3 48. Nc3 Qf1+ 49. Ka2 h2 50. Ne2+ Kf3 0-1

[Event "2014 Australian Championships"]
[Site "Melbourne"]
[Date "2014.01.09"]
[Round "9.7"]
[White "Smirnov, Anton"]
[Black "Schon, Eugene"]
[Result "1-0"]
[WhiteElo "2338"]
[BlackElo "2195"]
[PlyCount "161"]
[EventDate "2014.01.??"]
[EventType "swiss"]
[EventRounds "11"]
[EventCountry "AUS"]
[SourceDate "2014.01.02"]

1. e4 e6 2. d4 d5 3. Nc3 Nf6 4. e5 Nfd7 5. f4 c5 6. Nf3 Nc6 7. Be3 Be7 8. Qd2
O-O 9. Be2 a6 10. O-O b5 11. Kh1 Qc7 12. Rae1 Bb7 13. Nd1 b4 14. Nf2 a5 15. Rg1
Ba6 16. Bd1 cxd4 17. Nxd4 Nxd4 18. Bxd4 Bc5 19. Re3 f6 20. exf6 Bxd4 21. Qxd4
Rxf6 22. Nh3 Rc8 23. Rge1 Qc5 24. Qd2 Nf8 25. Ng5 Rxf4 26. Nxe6 Nxe6 27. Rxe6
Rcf8 28. Bf3 Bb7 29. Re7 Ba8 30. Re8 Bc6 31. R8e6 Ba8 32. Re8 Bc6 33. Qxf4 Bxe8
34. Qd2 Bf7 35. h3 h6 36. Qd3 Rc8 37. Re2 d4 38. b3 Qd6 39. Be4 Qf4 40. Re1 Qd6
41. Bh7+ Kh8 42. Bf5 Rc5 43. Qe4 g6 44. Bg4 Qf6 45. Qd3 Rd5 46. Rf1 Qe7 47. Bf3
Rd6 48. Qb5 Qd8 49. Be4 Kg8 50. Qe5 Rd7 51. Qf4 Kg7 52. Bd3 Qe7 53. Qb8 Qd6 54.
Qa8 Qc5 55. Qe4 Qd6 56. Qg4 Qe6 57. Qh4 Qe5 58. Re1 Qf6 59. Qg4 Rd8 60. Rf1 Qd6
61. Kg1 Qe5 62. Rxf7+ Kxf7 63. Qxg6+ Ke7 64. Qh7+ Kd6 65. Qxh6+ Kc7 66. Qh7+
Rd7 67. Qf5 Qxf5 68. Bxf5 Rf7 69. g4 Kd6 70. Kf2 Ke5 71. Kg3 a4 72. Bd3 axb3
73. axb3 Kf6 74. h4 Ra7 75. Kf4 Ra1 76. g5+ Kf7 77. h5 Rh1 78. h6 Rh2 79. g6+
Kf6 80. g7 Rg2 81. Bc4 1-0

[Event "2014 Australian Championships"]
[Site "Melbourne"]
[Date "2014.01.09"]
[Round "9.8"]
[White "Zelesco, Karl"]
[Black "Canfell, Greg"]
[Result "1-0"]
[WhiteElo "2242"]
[BlackElo "2343"]
[PlyCount "77"]
[EventDate "2014.01.??"]
[EventType "swiss"]
[EventRounds "11"]
[EventCountry "AUS"]
[SourceDate "2014.01.02"]

1. d4 Nf6 2. c4 g6 3. Nc3 Bg7 4. e4 d6 5. f3 O-O 6. Be3 c5 7. Nge2 Nc6 8. d5
Ne5 9. Ng3 e6 10. Be2 exd5 11. cxd5 h5 12. O-O Nh7 13. Qd2 h4 14. Nh1 h3 15. g4
f5 16. gxf5 gxf5 17. f4 Ng6 18. Ng3 Nh4 19. e5 dxe5 20. Bxc5 Rf7 21. Bc4 Nf8
22. fxe5 Bxe5 23. Rae1 Bd6 24. Bd4 a6 25. Qh6 Rh7 26. Qd2 b5 27. Bd3 b4 28.
Nce2 Bxg3 29. Nxg3 Qxd5 30. Bc2 Qg2+ 31. Qxg2 hxg2 32. Rf2 Be6 33. Nxf5 Nxf5
34. Bxf5 Bxf5 35. Rxf5 Rd8 36. Re4 Ng6 37. Rf6 Rhd7 38. Rxg6+ Kh7 39. Rgg4 1-0

[Event "2014 Australian Championships"]
[Site "Melbourne"]
[Date "2014.01.09"]
[Round "9.9"]
[White "Sukandar, Irene"]
[Black "Morris, James"]
[Result "1/2-1/2"]
[WhiteElo "2369"]
[BlackElo "2405"]
[PlyCount "28"]
[EventDate "2014.01.??"]
[EventType "swiss"]
[EventRounds "11"]
[EventCountry "AUS"]
[SourceDate "2014.01.02"]

1. e4 e6 2. d4 d5 3. Nc3 Nf6 4. Bg5 dxe4 5. Nxe4 Nbd7 6. Nf3 Be7 7. Nxf6+ Bxf6
8. Bxf6 Qxf6 9. Bb5 O-O 10. Bxd7 Bxd7 11. Ne5 Rad8 12. Qe2 c5 13. dxc5 Ba4 14.
O-O Bxc2 1/2-1/2

[Event "2014 Australian Championships"]
[Site "Melbourne"]
[Date "2014.01.09"]
[Round "9.10"]
[White "Wallis, Christopher"]
[Black "Matheson, Laurence"]
[Result "0-1"]
[WhiteElo "2346"]
[BlackElo "2161"]
[PlyCount "128"]
[EventDate "2014.01.??"]
[EventType "swiss"]
[EventRounds "11"]
[EventCountry "AUS"]
[SourceDate "2014.01.02"]

1. e4 c6 2. Nc3 d5 3. Nf3 Bg4 4. h3 Bh5 5. d3 Nf6 6. Qe2 dxe4 7. Nxe4 e6 8. Bd2
Nbd7 9. g4 Bg6 10. Ng3 Qc7 11. h4 h5 12. g5 Nd5 13. Ne4 O-O-O 14. O-O-O Kb8 15.
Kb1 Ka8 16. c4 Ne7 17. Bc3 Nf5 18. Bh3 Qb6 19. Ka1 Bb4 20. d4 Bxc3 21. Nxc3 Qc7
22. d5 exd5 23. cxd5 Rhe8 24. Qc4 Nd6 25. Qf4 Nc5 26. Nd4 Nd3 27. Qg3 c5 28.
Nb3 Nb4 29. Rd2 Nc2+ 30. Rxc2 Bxc2 31. Nd2 Qe7 32. Rc1 Bf5 33. Bxf5 Nxf5 34.
Qf3 Nxh4 35. Qxh5 Nf5 36. Nde4 b6 37. Qf3 Nd4 38. Qg2 f5 39. gxf6 gxf6 40. Qg6
Ne2 41. d6 Qe5 42. Rd1 Nxc3 43. Nxc3 Re6 44. Nb5 Qe2 45. Qg2+ Kb8 46. Nc3 Rexd6
47. Rb1 Qe5 48. a3 a6 49. Qf1 Rd3 50. Re1 Qd6 51. Qe2 b5 52. Qg4 Rd4 53. Qf5
Rf4 54. Qh7 b4 55. Nb1 Rd7 56. Re8+ Ka7 57. Qg8 Qc6 58. Qg3 Qc7 59. Qg2 Qb7 60.
Qg3 Rf3 61. Qh4 bxa3 62. Nxa3 Rxa3+ 63. bxa3 Rd1+ 64. Ka2 Qb1# 0-1

[Event "2014 Australian Championships"]
[Site "Melbourne"]
[Date "2014.01.09"]
[Round "9.11"]
[White "Dragicevic, Domagoj"]
[Black "McClymont, Brodie"]
[Result "1-0"]
[WhiteElo "2199"]
[BlackElo "2261"]
[PlyCount "81"]
[EventDate "2014.01.??"]
[EventType "swiss"]
[EventRounds "11"]
[EventCountry "AUS"]
[SourceDate "2014.01.02"]

1. e4 c5 2. Nf3 d6 3. d4 cxd4 4. Nxd4 Nf6 5. Nc3 a6 6. Qf3 Nbd7 7. Be2 Qb6 8.
Nb3 Qc7 9. Be3 e6 10. g4 h5 11. g5 Ng4 12. Bd2 b5 13. a3 g6 14. Qh3 Bg7 15. f4
Bb7 16. Qg3 e5 17. f5 gxf5 18. h3 f4 19. Qf3 Ne3 20. Bxe3 fxe3 21. Rf1 f6 22.
O-O-O O-O-O 23. h4 Qb6 24. Rd3 Rdf8 25. Rfd1 fxg5 26. Qg3 Nf6 27. hxg5 Nxe4 28.
Nxe4 Bxe4 29. Rxd6 Qc7 30. c3 Rd8 31. Qh3+ Kb8 32. Rd7 Rxd7 33. Rxd7 Qc8 34.
Qe6 Qc6 35. Qxc6 Bxc6 36. Rxg7 h4 37. g6 Rh6 38. Nc5 h3 39. Rh7 Rxg6 40. Rxh3
Ka7 41. Rxe3 1-0

[Event "2014 Australian Championships"]
[Site "Melbourne"]
[Date "2014.01.09"]
[Round "9.12"]
[White "Charles, Gareth"]
[Black "Brown, Andrew"]
[Result "0-1"]
[WhiteElo "2150"]
[BlackElo "2259"]
[PlyCount "90"]
[EventDate "2014.01.??"]
[EventType "swiss"]
[EventRounds "11"]
[EventCountry "AUS"]
[SourceDate "2014.01.02"]

1. d4 Nf6 2. Bg5 Ne4 3. Bf4 d5 4. e3 c5 5. Bd3 Nf6 6. c3 Qb6 7. Qe2 Nc6 8. dxc5
Qxc5 9. Nd2 e5 10. Bg3 Bg4 11. f3 Bh5 12. Nh3 Qb6 13. b4 Bd6 14. O-O O-O 15.
Kh1 Rad8 16. e4 dxe4 17. Nxe4 Nxe4 18. Bxe4 Bg6 19. a3 Be7 20. b5 Na5 21. Bxe5
Rfe8 22. Nf4 Bf6 23. Bxf6 Qxf6 24. Nxg6 hxg6 25. Qe3 b6 26. Rfd1 Nc4 27. Qe1
Qg5 28. Rxd8 Rxd8 29. Rd1 Nxa3 30. Rxd8+ Qxd8 31. Bc6 Nc4 32. h3 g5 33. Qe2 Nd6
34. Qa2 Qe7 35. Qd5 g6 36. Kh2 Nf5 37. Qe4 Qd6+ 38. Kg1 Qc5+ 39. Kh2 Qxc3 40.
Bd5 Qc7+ 41. Kg1 Qc1+ 42. Kh2 Qc7+ 43. Kg1 Qc5+ 44. Kh2 Qxb5 45. Bc4 Qd7 0-1